Alien Invasion Movies Quiz Stats

 Plays Quiz not verified by Sporcle

Score 0/24 Timer 07:00
0 Plays Today
% Correct
Men In Black 3
99.4%
Independence Day
96.1%
Transformers: Revenge of the Fallen
92.1%
War of the Worlds
87.4%
Mars Attacks!
84.5%
Signs
81%
Coneheads
79.4%
Battleship
77.4%
Cowboys & Aliens
73.3%
Edge of Tomorrow
67.3%
The Blob
62.4%
Pacific Rim
53.5%
% Correct
Battlefield Earth
53%
The Day the Earth Stood Still
52.4%
The Thing
48.3%
The World's End
45.5%
Daleks' – Invasion Earth: 2150 A.D.
45.2%
Invasion of the Body Snatchers
45.1%
Slither
35.6%
The Faculty
35.3%
They Live
34.6%
The Watch
32.9%
The Invasion
25.1%
Battle: Los Angeles
24.2%

You're not logged in!

Compare scores with friends on all Sporcle quizzes.
OR
Log In

Show Comments

Extras

Top Quizzes Today


Score Distribution

Your Account Isn't Verified!

In order to create a playlist on Sporcle, you need to verify the email address you used during registration. Go to your Sporcle Settings to finish the process.

Report this User

Report this user for behavior that violates our Community Guidelines.

Details: